Emmons fashion magic jewelry / (Record no. 27131)

000 -LEADER
fixed length control field 01401cam a22003374a 4500
001 - CONTROL NUMBER
control field 13951645
003 - CONTROL NUMBER IDENTIFIER
control field OSt
005 - DATE AND TIME OF LATEST TRANSACTION
control field 20170207123852.0
008 - FIXED-LENGTH DATA ELEMENTS--GENERAL INFORMATION
fixed length control field 050504s2005 paua c 001 0 eng
010 ## - LIBRARY OF CONGRESS CONTROL NUMBER
LC control number 2005926941
020 ## - INTERNATIONAL STANDARD BOOK NUMBER
International Standard Book Number 0764321943 (pbk.)
040 ## - CATALOGING SOURCE
Original cataloging agency DLC
Transcribing agency DLC
042 ## - AUTHENTICATION CODE
Authentication code pcc
043 ## - GEOGRAPHIC AREA CODE
Geographic area code n-us-ny
-- n-us---
050 00 - LIBRARY OF CONGRESS CALL NUMBER
Classification number NK7398.E44A4 2005
100 1# - MAIN ENTRY--PERSONAL NAME
Personal name Dippo, Cathryn S.
Dates associated with a name 2005-
245 10 - TITLE STATEMENT
Title Emmons fashion magic jewelry /
Statement of responsibility, etc. Cathryn S. Dippo and Janet L. Dippo.
246 30 - VARYING FORM OF TITLE
Title proper/short title Fashion magic jewelry
260 ## - PUBLICATION, DISTRIBUTION, ETC. (IMPRINT)
Place of publication, distribution, etc. Atglen, PA :
Name of publisher, distributor, etc. Schiffer Pub.,
Date of publication, distribution, etc. 2005.
300 ## - PHYSICAL DESCRIPTION
Extent 173 p. :
Other physical details col. ill. ;
Dimensions 28 cm.
440 #2 - SERIES STATEMENT/ADDED ENTRY--TITLE
Title A Schiffer book for collectors
500 ## - GENERAL NOTE
General note Includes index.
610 20 - SUBJECT ADDED ENTRY--CORPORATE NAME
Corporate name or jurisdiction name as entry element Emmons Jewelry (Firm)
Form subdivision Catalogs.
650 #0 - SUBJECT ADDED ENTRY--TOPICAL TERM
Topical term or geographic name as entry element Costume jewelry
Geographic subdivision New York (State)
-- Newark
General subdivision History
Chronological subdivision 20th century
Form subdivision Catalogs.
650 #0 - SUBJECT ADDED ENTRY--TOPICAL TERM
Topical term or geographic name as entry element Costume jewelry
General subdivision Collectors and collecting
Geographic subdivision United States
Form subdivision Catalogs.
700 1# - ADDED ENTRY--PERSONAL NAME
Personal name Dippo, Janet L.
906 ## - LOCAL DATA ELEMENT F, LDF (RLIN)
a 7
b cbc
c orignew
d 2
e epcn
f 20
g y-gencatlg
942 ## - ADDED ENTRY ELEMENTS (KOHA)
Source of classification or shelving scheme
Koha item type Hard Covered Materials
Classification part NK7398.E44A4 2005
Call number prefix 34758
Holdings
Withdrawn status Lost status Source of classification or shelving scheme Damaged status Not for loan Home library Current library Shelving location Date acquired Source of acquisition Total Checkouts Full call number Barcode Date last seen Price effective from Koha item type
          MACHAKOS UNIVERSITY LIBRARY MACHAKOS UNIVERSITY LIBRARY Technical section 07/02/2017 Donation(BFA)   NK7398.E44A4 2005 34758 07/08/2018 07/02/2017 Hard Covered Materials
© Machakos University Library, Along The Highway, Machakos Wote Rd, Machakos, Kenya P.O. Box 136 - 90100 Machakos - Kenya

Tel: ( +254 ) 723 805829 OR Fax : 044-20353 OR Email: library@mksu.ac.ke